[Event "Kazan BRICS Games Blitz Team"]
[Site "Kazan"]
[Date "2024.06.21"]
[Round "4.5"]
[White "Abdisalimov, Abdimalik"]
[Black "Vishnu, Prasanna V"]
[Result "0-1"]
[WhiteElo "2504"]
[BlackElo "2382"]
[PlyCount "96"]
[EventDate "2024.06.21"]
[EventType "team-swiss (blitz)"]
[EventRounds "11"]
[EventCountry "RUS"]
[SourceTitle "CBM 220 Extra"]
[Source "ChessBase"]
[SourceDate "2024.07.31"]
[SourceVersion "1"]
[SourceVersionDate "2024.07.31"]
[SourceQuality "1"]
[WhiteTeam "Uzbekistan"]
[BlackTeam "India"]
[WhiteTeamCountry "UZB"]
[BlackTeamCountry "IND"]

1. c4 c5 2. Nf3 Nc6 3. g3 Nf6 4. Bg2 g6 5. 0-0 Bg7 6. d4 cxd4 7. Nxd4 0-0 8. Nc3 Qa5 9. Nb3 Qh5 10. e4 Qxd1 11. Rxd1 d6 12. Bg5 Bg4 13. f3 Be6 14. Nd5 Rac8 15. Rac1 Rfe8 16. Be3 Nd7 17. Nd4 Nxd4 18. Bxd4 Bxd4+ 19. Rxd4 b5 20. Rc3 bxc4 21. Rdxc4 Rxc4 22. Rxc4 Nb6 23. Nxb6 axb6 24. Rb4 Bxa2 25. Rxb6 Rc8 26. Bf1 Rc2 27. b4 f5 28. exf5 gxf5 29. b5 Bd5 30. Bd3 Rc3 31. Bxf5 Rxf3 32. Rb8+ Kg7 33. Bd7 Rb3 34. Kf2 Rb2+ 35. Ke3 Rxh2 36. Kd3 Rg2 37. g4 Rb2 38. Kd4 e6 39. Rd8 Rb4+ 40. Kc3 Rxg4 41. Be8 Rc4+ 42. Kd3 Kf6 43. Bd7 Ke5 44. Rh8 Rh4 45. Kc3 Rc4+ 46. Kd3 Rc7 47. Rxh7 Be4+ 48. Ke3 Bxh7 0-1

[Event "Kazan BRICS Games Blitz Team"]
[Site "Kazan"]
[Date "2024.06.21"]
[Round "7.1"]
[White "Artemiev, Vladislav"]
[Black "Vishnu, Prasanna V"]
[Result "1-0"]
[WhiteElo "2694"]
[BlackElo "2382"]
[PlyCount "89"]
[EventDate "2024.06.21"]
[EventType "team-swiss (blitz)"]
[EventRounds "11"]
[EventCountry "RUS"]
[SourceTitle "CBM 220 Extra"]
[Source "ChessBase"]
[SourceDate "2024.07.31"]
[SourceVersion "1"]
[SourceVersionDate "2024.07.31"]
[SourceQuality "1"]
[WhiteTeam "Russia"]
[BlackTeam "India"]
[WhiteTeamCountry "RUS"]
[BlackTeamCountry "IND"]

1. c4 g6 2. d4 Nf6 3. g3 c6 4. Bg2 d5 5. cxd5 cxd5 6. Nc3 Bg7 7. Nf3 0-0 8. Ne5 Nc6 9. 0-0 Ne4 10. Nxc6 bxc6 11. Nxe4 dxe4 12. Qc2 Bf5 13. e3 Qd5 14. Bd2 Rab8 15. Rfc1 Rfc8 16. b4 e5 17. dxe5 Bxe5 18. Bc3 Bxc3 19. Qxc3 h5 20. h3 Qe6 21. Kh2 Rd8 22. a3 Rd6 23. Qc4 Qd7 24. Rc2 Re8 25. Rac1 Re5 26. Qa6 Red5 27. Rxc6 Rxc6 28. Qxc6 Qxc6 29. Rxc6 Rd2 30. Kg1 Rd1+ 31. Kh2 Rd2 32. g4 hxg4 33. hxg4 Bxg4 34. Kg3 Bf5 35. Rc7 a6 36. Rc6 a5 37. bxa5 Rd5 38. a6 Ra5 39. Bf1 Be6 40. Rc7 Rxa3 41. a7 Kg7 42. Kf4 Kf6 43. Kxe4 Ra4+ 44. Kd3 Ke5 45. Bg2 1-0

[Event "Kazan BRICS Games Blitz Team"]
[Site "Kazan"]
[Date "2024.06.21"]
[Round "2.9"]
[White "Kabilov, Amin"]
[Black "Vishnu, Prasanna V"]
[Result "0-1"]
[WhiteElo "2200"]
[BlackElo "2382"]
[PlyCount "108"]
[EventDate "2024.06.21"]
[EventType "team-swiss (blitz)"]
[EventRounds "11"]
[EventCountry "RUS"]
[SourceTitle "CBM 220 Extra"]
[Source "ChessBase"]
[SourceDate "2024.07.31"]
[SourceVersion "1"]
[SourceVersionDate "2024.07.31"]
[SourceQuality "1"]
[WhiteTeam "Tajikistan"]
[BlackTeam "India"]
[WhiteTeamCountry "TJK"]
[BlackTeamCountry "IND"]

1. d4 Nf6 2. Nf3 g6 3. c4 Bg7 4. Nc3 d5 5. cxd5 Nxd5 6. Bd2 c5 7. Rc1 Nxc3 8. Bxc3 cxd4 9. Bxd4 Bxd4 10. Qxd4 0-0 11. Qxd8 Rxd8 12. e3 Be6 13. Bb5 a6 14. Be2 Bxa2 15. Rc7 Nd7 16. Rxb7 Nc5 17. Rxe7 Rab8 18. 0-0 Rxb2 19. Nd4 a5 20. Ra7 a4 21. Rc1 Nb3 22. Nxb3 Bxb3 23. Bf1 Rdd2 24. f3 Rbc2 25. Rb1 Ra2 26. Rc1 a3 27. Rc3 Rdb2 28. g4 Ra1 29. Rb7 Be6 30. Ra7 Rbb1 31. Rcxa3 Rxf1+ 32. Kg2 Rg1+ 33. Kf2 Raf1+ 34. Ke2 Bc4+ 35. Kd2 Rxf3 36. Rc7 Be6 37. Ra8+ Kg7 38. Ra6 Bxg4 39. Raa7 Rg2+ 40. Kd3 Bf5+ 41. Kd4 Be6 42. Re7 Rf6 43. e4 Rxh2 44. e5 Rh4+ 45. Kc5 Rf5 46. Rxe6 Rhh5 47. Kd6 Rh2 48. Ree7 Rd2+ 49. Kc6 Re2 50. Kd6 Rd2+ 51. Kc6 Rf1 52. Kc7 Rc1+ 53. Kb8 Rb2+ 54. Ka8 Rc8# 0-1

[Event "Kazan BRICS Games Blitz Team"]
[Site "Kazan"]
[Date "2024.06.21"]
[Round "10.13"]
[White "Mesfin, Leykun"]
[Black "Vishnu, Prasanna V"]
[Result "0-1"]
[WhiteElo "2118"]
[BlackElo "2382"]
[PlyCount "88"]
[EventDate "2024.06.21"]
[EventType "team-swiss (blitz)"]
[EventRounds "11"]
[EventCountry "RUS"]
[SourceTitle "CBM 220 Extra"]
[Source "ChessBase"]
[SourceDate "2024.07.31"]
[SourceVersion "1"]
[SourceVersionDate "2024.07.31"]
[SourceQuality "1"]
[WhiteTeam "Ethiopia"]
[BlackTeam "India"]
[WhiteTeamCountry "ETH"]
[BlackTeamCountry "IND"]

1. e4 c5 2. Nf3 Nc6 3. d4 cxd4 4. Nxd4 e5 5. Nxc6 bxc6 6. Bd3 Nf6 7. 0-0 d5 8. Nc3 d4 9. Ne2 Bd6 10. h3 0-0 11. f4 c5 12. b3 Bb7 13. Ng3 exf4 14. Bxf4 Re8 15. Qf3 Bxf4 16. Qxf4 Qb8 17. Qf3 Qe5 18. Rae1 Rad8 19. Nf5 Bc8 20. Nh6+ Kf8 21. Nf5 Bxf5 22. Qxf5 Rd6 23. Qf3 Kg8 24. Qe2 g6 25. Qf2 Kg7 26. g4 Re7 27. Kg2 h5 28. Qf4 Qxf4 29. Rxf4 Nd5 30. Rff1 Ne3+ 31. Kg3 Nxf1+ 32. Rxf1 hxg4 33. hxg4 Rf6 34. Rh1 Re8 35. g5 Rfe6 36. a4 a5 37. Rf1 f6 38. Bc4 Rd6 39. gxf6+ Rxf6 40. Re1 Re5 41. Bd3 Rg5+ 42. Kh4 Kh6 43. Rh1 Rf2 44. Re1 Rh2# 0-1

[Event "Kazan BRICS Games Rapid Team"]
[Site "Kazan"]
[Date "2024.06.20"]
[Round "6.1"]
[White "Vishnu, Prasanna V"]
[Black "Artemiev, Vladislav"]
[Result "1/2-1/2"]
[WhiteElo "2382"]
[BlackElo "2694"]
[PlyCount "91"]
[EventDate "2024.06.20"]
[EventType "team-swiss (rapid)"]
[EventRounds "9"]
[EventCountry "RUS"]
[SourceTitle "CBM 220 Extra"]
[Source "ChessBase"]
[SourceDate "2024.07.31"]
[SourceVersion "1"]
[SourceVersionDate "2024.07.31"]
[SourceQuality "1"]
[WhiteTeam "India"]
[BlackTeam "Russia"]
[WhiteTeamCountry "IND"]
[BlackTeamCountry "RUS"]

1. d4 Nf6 2. c4 e6 3. Nf3 Bb4+ 4. Bd2 Qe7 5. g3 Bxd2+ 6. Qxd2 Nc6 7. b3 0-0 8. Bg2 d5 9. 0-0 dxc4 10. bxc4 Rd8 11. Qb2 Rb8 12. Nbd2 b6 13. Rac1 Bb7 14. Rfd1 Na5 15. c5 bxc5 16. Qa3 Nc6 17. Nb3 cxd4 18. Qxe7 Nxe7 19. Rxd4 Bd5 20. Rxc7 Rd7 21. Rxd7 Nxd7 22. Nfd2 Nc6 23. Rf4 Nb4 24. Bxd5 Nxd5 25. Rc4 N7b6 26. Rc1 Na4 27. Ne4 f5 28. Ng5 Nac3 29. Rc2 e5 30. Nf3 e4 31. Nfd4 g6 32. Nc6 Rb7 33. Rd2 e3 34. fxe3 Nxe3 35. Ne5 Re7 36. Nf3 Kg7 37. Nc5 Ne4 38. Nxe4 fxe4 39. Nd4 Rf7 40. Ne6+ Kh6 41. Nf4 Rc7 42. Kf2 Ng4+ 43. Kg2 Ne3+ 44. Kf2 Ng4+ 45. Kg2 Ne3+ 46. Kf2 1/2-1/2

[Event "Kazan BRICS Games Rapid Team"]
[Site "Kazan"]
[Date "2024.06.20"]
[Round "5.9"]
[White "Vishnu, Prasanna V"]
[Black "Ssegwanyi, Arthur"]
[Result "1-0"]
[WhiteElo "2382"]
[BlackElo "2365"]
[PlyCount "77"]
[EventDate "2024.06.20"]
[EventType "team-swiss (rapid)"]
[EventRounds "9"]
[EventCountry "RUS"]
[SourceTitle "CBM 220 Extra"]
[Source "ChessBase"]
[SourceDate "2024.07.31"]
[SourceVersion "1"]
[SourceVersionDate "2024.07.31"]
[SourceQuality "1"]
[WhiteTeam "India"]
[BlackTeam "Uganda"]
[WhiteTeamCountry "IND"]
[BlackTeamCountry "UGA"]

1. d4 d5 2. c4 e6 3. Nf3 Nf6 4. Nc3 Be7 5. Bf4 0-0 6. e3 c5 7. dxc5 Qa5 8. a3 dxc4 9. Bxc4 Qxc5 10. Bd3 Nc6 11. 0-0 e5 12. Bg5 Rd8 13. Bxf6 Bxf6 14. Qc2 g6 15. Rac1 Bg7 16. h3 Qe7 17. Be4 Be6 18. Rfd1 Rac8 19. Qa4 f5 20. Bxc6 bxc6 21. Rxd8+ Rxd8 22. Qxc6 Rc8 23. Qb5 Qc7 24. Ng5 Bc4 25. Qa4 Qd8 26. Nf3 Bd3 27. Qa5 a6 28. Qxa6 g5 29. Qb7 Rb8 30. Qc6 e4 31. Qe6+ Kh8 32. Ne5 Qe8 33. Nf7+ Kg8 34. Nh6+ Kh8 35. Qxe8+ Rxe8 36. Nxf5 Bf6 37. b4 Ra8 38. Nd5 Bb2 39. Rc7 1-0

[Event "Kazan BRICS Games Blitz"]
[Site "Kazan"]
[Date "2024.06.19"]
[Round "11"]
[White "Aronyak, Ghosh"]
[Black "Vishnu, Prasanna V"]
[Result "1-0"]
[WhiteElo "2529"]
[BlackElo "2382"]
[PlyCount "38"]
[EventDate "2024.06.19"]
[EventType "swiss (blitz)"]
[EventRounds "11"]
[EventCountry "RUS"]
[SourceTitle "CBM 220 Extra"]
[Source "ChessBase"]
[SourceDate "2024.07.31"]
[SourceVersion "1"]
[SourceVersionDate "2024.07.31"]
[SourceQuality "1"]

1. c4 g6 2. d4 Nf6 3. g3 Bg7 4. Bg2 0-0 5. Nc3 d6 6. Nf3 Nbd7 7. 0-0 e5 8. Qc2 exd4 9. Nxd4 Nb6 10. Qd3 a6 11. Rd1 c5 12. Nb3 Bf5 13. Qxd6 Qxd6 14. Rxd6 Nxc4 15. Rd1 Bc2 16. Re1 Rab8 17. Nxc5 b6 18. Nxa6 Rbc8 19. Nb4 Rfd8 1-0

[Event "Kazan BRICS Games Blitz"]
[Site "Kazan"]
[Date "2024.06.19"]
[Round "10"]
[White "Vishnu, Prasanna V"]
[Black "Abdulrahman Mohammad, Al Taher"]
[Result "1-0"]
[WhiteElo "2382"]
[BlackElo "2105"]
[PlyCount "59"]
[EventDate "2024.06.19"]
[EventType "swiss (blitz)"]
[EventRounds "11"]
[EventCountry "RUS"]
[SourceTitle "CBM 220 Extra"]
[Source "ChessBase"]
[SourceDate "2024.07.31"]
[SourceVersion "1"]
[SourceVersionDate "2024.07.31"]
[SourceQuality "1"]

1. d4 d5 2. c4 e6 3. Nf3 Nf6 4. Nc3 Bb4 5. Bg5 h6 6. Bxf6 Qxf6 7. cxd5 exd5 8. e3 0-0 9. Bd3 Bg4 10. h3 Bxf3 11. Qxf3 Qxf3 12. gxf3 Rd8 13. 0-0-0 Bxc3 14. bxc3 c5 15. Kd2 b6 16. a4 Nc6 17. Rb1 Rab8 18. Rb5 c4 19. Bc2 a6 20. Rb2 b5 21. axb5 axb5 22. Rhb1 Na7 23. e4 Rd6 24. Ra1 Nc6 25. Ra6 dxe4 26. Bxe4 Rc8 27. Rb6 b4 28. R2xb4 Nxb4 29. Rxd6 Na2 30. Ra6 1-0

[Event "Kazan BRICS Games Rapid"]
[Site "Kazan"]
[Date "2024.06.18"]
[Round "2"]
[White "Abdisalimov, Abdimalik"]
[Black "Vishnu, Prasanna V"]
[Result "1-0"]
[WhiteElo "2504"]
[BlackElo "2382"]
[PlyCount "79"]
[EventDate "2024.06.18"]
[EventType "team-swiss (rapid)"]
[EventRounds "9"]
[EventCountry "RUS"]
[SourceTitle "CBM 220 Extra"]
[Source "ChessBase"]
[SourceDate "2024.07.31"]
[SourceVersion "1"]
[SourceVersionDate "2024.07.31"]
[SourceQuality "1"]

1. d4 Nf6 2. c4 e6 3. Nc3 Bb4 4. e3 0-0 5. Bd3 d5 6. Nf3 b6 7. cxd5 exd5 8. 0-0 Bb7 9. a3 Bd6 10. b4 a6 11. Qb3 Re8 12. a4 c6 13. Bb2 Nbd7 14. b5 axb5 15. axb5 c5 16. Rxa8 Qxa8 17. Ra1 Qb8 18. Bf5 cxd4 19. exd4 Nf8 20. Na4 g6 21. Bd3 N8d7 22. g3 Qd8 23. Rc1 Ne4 24. Bf1 Bf8 25. Bh3 Nd6 26. Ne5 Nxe5 27. dxe5 Nc4 28. Bd4 Nxe5 29. Nxb6 Nc4 30. Nd7 Bg7 31. Qc3 Bc8 32. Bxg7 Bxd7 33. Bh6 f6 34. Bxd7 Qxd7 35. Qxf6 Qf7 36. Qd4 Ne5 37. Rc3 g5 38. Re3 Qf5 39. Qxd5+ Kh8 40. Kg2 1-0

[Event "Kazan BRICS Games Rapid"]
[Site "Kazan"]
[Date "2024.06.18"]
[Round "1"]
[White "Vishnu, Prasanna V"]
[Black "Caetano, Ryan Wesley da Cost"]
[Result "1-0"]
[WhiteElo "2382"]
[BlackElo "2174"]
[PlyCount "79"]
[EventDate "2024.06.18"]
[EventType "team-swiss (rapid)"]
[EventRounds "9"]
[EventCountry "RUS"]
[SourceTitle "CBM 220 Extra"]
[Source "ChessBase"]
[SourceDate "2024.07.31"]
[SourceVersion "1"]
[SourceVersionDate "2024.07.31"]
[SourceQuality "1"]

1. d4 Nf6 2. c4 g6 3. Nc3 Bg7 4. e4 d6 5. Be2 0-0 6. Nf3 Re8 7. h3 Nc6 8. d5 Nb4 9. a3 Na6 10. Bg5 e6 11. Nd2 h6 12. Be3 exd5 13. cxd5 Nc5 14. Qc2 Qe7 15. f3 a5 16. 0-0-0 Bd7 17. Rhe1 Reb8 18. Bxc5 dxc5 19. f4 b5 20. e5 Nh7 21. Nce4 c4 22. Bf3 Qe8 23. Nc5 b4 24. Nxc4 bxa3 25. Nxa3 Bf5 26. Be4 Bxe4 27. Rxe4 Rb4 28. Nc4 Rd8 29. d6 cxd6 30. Nxd6 Qc6 31. Rxb4 axb4 32. Qc4 Qc7 33. Rd2 Nf8 34. Nxf7 Rxd2 35. Nd6+ Kh7 36. Kxd2 Qc6 37. Nce4 Qb6 38. Qc5 Qa6 39. Qc7 Ne6 40. Nf6+ 1-0

[Event "Yerevan op-A 5th"]
[Site "Yerevan"]
[Date "2023.10.05"]
[Round "7"]
[White "Vishnu, Prasanna V"]
[Black "Alaverdyan, Gevorg"]
[Result "1/2-1/2"]
[WhiteElo "2416"]
[BlackElo "2260"]
[PlyCount "76"]
[EventDate "2023.09.29"]
[EventType "swiss"]
[EventRounds "9"]
[EventCountry "ARM"]
[SourceTitle "CBM 216 Extra"]
[Source "ChessBase"]
[SourceDate "2023.11.30"]
[SourceVersion "1"]
[SourceVersionDate "2023.11.30"]
[SourceQuality "1"]

1. d4 Nf6 2. c4 e6 3. Nc3 Bb4 4. e3 b6 5. Bd3 Bb7 6. Nf3 Bxc3+ 7. bxc3 Ne4 8. 0-0 f5 9. Nd2 0-0 10. f3 Nxd2 11. Bxd2 d6 12. Qc2 Qh4 13. d5 exd5 14. cxd5 Qh5 15. c4 Nd7 16. Bc3 Rae8 17. Bd4 Ne5 18. Be2 f4 19. Rae1 Bc8 20. exf4 Rxf4 21. Qd2 Rh4 22. f4 Qh6 23. Qe3 Rxh2 24. Qg3 Rh1+ 25. Kf2 Rh4 26. fxe5 Rf8+ 27. Bf3 Qd2+ 28. Kg1 Qxd4+ 29. Rf2 dxe5 30. Qxe5 Rh1+ 31. Kxh1 Qxf2 32. Re4 Qc5 33. Qe7 Ba6 34. Qxc5 bxc5 35. Re7 Bxc4 36. Rxc7 Bxa2 37. Rxa7 Bb3 38. Rc7 Rd8 1/2-1/2